Score 0/20 Timer 06:00
1 Play Today
% Correct
Seinfeld and Family Matters
96.4%
The Golden Girls and MacGyver
93.9%
Glee and Parks and Recreation
93%
Sex and the City and The Wild Thornberrys
92%
Charmed and That 70s Show
91.5%
Heroes and Ugly Betty
90.7%
Breaking Bad and Fringe
89.8%
Oz and Buffy the Vampire Slayer
88.5%
Mad Men and Phineas & Ferb
88.1%
Quantum Leap and Saved by the Bell
86.8%
% Correct
The IT Crowd and 30 Rock
86.1%
Ally McBeal and Dharma & Greg
77.9%
New Girl and Once Upon a Time
76.2%
Castle and The Good Wife
76%
Veronica Mars and Drake & Josh
72.8%
Weeds and The Closer
69.3%
Gossip Girl and iCarly
68.6%
Mad About You and Melrose Place
68.3%
Living Single and Animaniacs
67.4%
What I Like About You and The Adventures of Jimmy Neutron
67.2%
Remove Ads.
Support Sporcle.
Get the best of Sporcle when you Go Orange. This ad-free experience offers more features, more stats, and more fun while also helping to support Sporcle. Thank you for becoming a member.

You're not logged in!

Compare scores with friends on all Sporcle quizzes.
OR
Log In

Show Comments

Extras

Top Quizzes Today


Score Distribution

Your Account Isn't Verified!

In order to create a playlist on Sporcle, you need to verify the email address you used during registration. Go to your Sporcle Settings to finish the process.

Report this User

Report this user for behavior that violates our Community Guidelines.

Details: